000 02336cam a22004334i 4500
003 PE-LiUPU
005 20250731173000.0
008 150623s1979 miu r 000 0 eng d
035 _a(Sirsi) a21836
040 _aPE-LiUPU
_bspa
_cPE-LiUPU
_erda
100 1 _aWere, Louis F.,
_eautor.
245 1 4 _aThe certainty of the third angel's message /
_cLouis F. Were.
264 1 _aBerrien Springs, Michigan :
_bFirst Impressions,
_c1979.
300 _a346 páginas ;
_c21 centímetros
336 _atext
_2rdacontent
337 _aunmediated
_2rdamedia
338 _avolume
_2rdacarrier
505 0 _aHow to understand the Bible -- The importance of principles, revealed in nature and revelation -- Bible principles of interpretation arise out of the nature and character of the Godhead -- How God teaches his people to see the invisible -- The law of the literal and the spiritual: the principle of "acted parables" -- Examples from the spirit of prophecy of the spiritual interpretation of Secriptures -- Old Testament terminology employed spiritually in the New Testament: the church is now the "nation" of Israel -- The spirit of prophecy employs the New Testament principle that the church is now "the israel of God": the "double" application of the things of Israel.
526 _aSEG42
526 _aSEG41
526 _aSEG40
526 _aSEG39
526 _aP94
526 _aP87
526 _aP86
526 _aP85
526 _aP77
526 _aP76
526 _aP35
650 0 4 _aMensajes de los tres ángeles
_xIASD.
942 _2ddc
_cBOOK
949 _a220.15 W47
_wDEWEY
_c1
_i45480
_lCCODEBUL1
_mBUL
_p19.00
_r0
_sY
_tBOOK
_u2015-06-24
_xBIBLIOTECA
_zUNKNOWN
_0COMPRA
_o.STAFF. Colección Teología
949 _a220.15 W47
_wDEWEY
_c2
_i50783
_lCCODEBUL1
_mBUL
_p19.00
_r0
_sY
_tBOOK
_u2015-06-24
_xTEOLOGIA
_PP35
_0COMPRA
_o.STAFF. Colección Teología
596 _a1
999 _a220.15 W47
_wDEWEY
_c22343
_i45480
_f2021-11-9
_g5
_lCCODEBUL1
_mBUL
_p19.00
_r0
_sY
_tBOOK
_u2015-6-24
_xTEOLOGIA
_PP35
_0COMPRA
_o.STAFF. Colección Teología
_d22343
999 _a220.15 W47
_wDEWEY
_c2
_i50783
_f2021-11-9
_g5
_lCCODEBUL1
_mBUL
_p19.00
_r0
_sY
_tBOOK
_u2015-6-24
_xTEOLOGIA
_PP35
_0COMPRA
_o.STAFF. Colección Teología
980 _81
_gALBERTO SANCHEZ Responsable de Automatización